| Tag |
First Indicator |
Second Indicator |
Subfields |
| LEADER |
00000cam a2200000 a 4500 |
| 001 |
in00000092546 |
| 005 |
20151008064249.0 |
| 008 |
820406m19801981txuabe b 00100 eng d |
| 035 |
|
|
|a (OCoLC)08313591
|
| 035 |
|
|
|9 AAK3846AM
|
| 040 |
|
|
|a FLL
|c FLL
|d TXA
|d UtOrBLW
|
| 049 |
|
|
|a TXAM
|v 1 [1502459]
|v 2 [1502460]
|v 3 [1502461]
|v 4 [1502462]
|v 5 [1502463]
|v 6 [1502464]
|
| 090 |
|
|
|a NA735.H68
|b H68
|
| 245 |
0 |
0 |
|a Houston architectural survey /
|c [prepared by the Southwest Center for Urban Research and the School of Architecture, Rice University].
|
| 264 |
|
1 |
|a Houston, Tex. :
|b Southwest Center for Urban Research,
|c 1980-1981.
|
| 300 |
|
|
|a 6 volumes (viii, 1550 pages) :
|b illustrations, maps, plans ;
|c 28 cm.
|
| 336 |
|
|
|a text
|b txt
|2 rdacontent
|
| 337 |
|
|
|a unmediated
|b n
|2 rdamedia
|
| 338 |
|
|
|a volume
|b nc
|2 rdacarrier
|
| 504 |
|
|
|a Includes bibliographies and indexes.
|
| 505 |
0 |
|
|a v.1. Downtown, North of Texas Avenue; Downtown, South of Texas Avenue -- v.2. Fourth Ward/Allen Parkway, Heights, North Side, East End, Riverside/University of Houston -- v.3. River Oaks, Memorial -- v.4. Montrose, South End -- v.5. Hermann Park/Rice University, Shadyside -- v.6. Supplementary profiles, Buffalo Bayou Parkway, National Register entries, Users guide.
|
| 650 |
|
0 |
|a Architecture
|z Texas
|z Houston.
|
| 651 |
|
0 |
|a Houston (Tex.)
|x Buildings, structures, etc.
|
| 710 |
2 |
|
|a Southwest Center for Urban Research.
|
| 710 |
2 |
|
|a Rice University.
|b School of Architecture.
|
| 999 |
|
|
|a MARS
|
| 999 |
f |
f |
|s 0a720d5a-2408-3d13-b00b-1aec9d47d2ad
|i f64ca80e-d591-3073-b498-7e618afcca46
|t 0
|
| 952 |
f |
f |
|p normal
|a Texas A&M University
|b College Station
|c Sterling C. Evans Library
|d Evans: Library Stacks
|t 0
|e NA735.H68 H68
|h Library of Congress classification
|i unmediated -- volume
|k v.3
|m A14806167459
|
| 952 |
f |
f |
|p normal
|a Texas A&M University
|b College Station
|c Sterling C. Evans Library
|d Evans: Library Stacks
|t 0
|e NA735.H68 H68
|h Library of Congress classification
|i unmediated -- volume
|k v.5
|m A14806167475
|
| 952 |
f |
f |
|p normal
|a Texas A&M University
|b College Station
|c Sterling C. Evans Library
|d Evans: Library Stacks
|t 0
|e NA735.H68 H68
|h Library of Congress classification
|i unmediated -- volume
|k v.6
|m A14806167483
|
| 952 |
f |
f |
|p normal
|a Texas A&M University
|b College Station
|c Sterling C. Evans Library
|d Evans: Library Stacks
|t 0
|e NA735.H68 H68
|h Library of Congress classification
|i unmediated -- volume
|k v.1
|m A14806167433
|
| 952 |
f |
f |
|p normal
|a Texas A&M University
|b College Station
|c Sterling C. Evans Library
|d Evans: Library Stacks
|t 0
|e NA735.H68 H68
|h Library of Congress classification
|i unmediated -- volume
|k v.2
|m A14806167441
|
| 998 |
f |
f |
|a NA735.H68 H68
|s v.1-v.6
|t 0
|l Evans: Library Stacks
|